Xây dựng câu chuyện thương hiệu Làm rõ thông điệp của bạn đến khách hàng
Nguyên bản: Building a story brand
Kaydedildi:
| Yazar: | |
|---|---|
| Diğer Yazarlar: | |
| Materyal Türü: | Kitap |
| Dil: | Vietnamese |
| Baskı/Yayın Bilgisi: |
Hà Nội
Lao động
2018
|
| Konular: | |
| Etiketler: |
Etiketle
Etiket eklenmemiş, İlk siz ekleyin!
|
| Thư viện lưu trữ: | Trung tâm Học liệu Lê Vũ Hùng, Trường Đại học Đồng Tháp |
|---|
| LEADER | 00930nam a22002658a 4500 | ||
|---|---|---|---|
| 001 | 00043055 | ||
| 005 | 20181108101135.0 | ||
| 008 | 171101s2017####-vm#################vie|d | ||
| 020 | # | # | |a 978 604 971 111 4 |c 139000 |
| 041 | 0 | # | |a Vie |
| 082 | # | # | |a 658.8 |b X126D |
| 100 | 1 | # | |a Miller, Donald |
| 245 | 1 | 0 | |b Làm rõ thông điệp của bạn đến khách hàng |c Donald Miller; Vũ Diệu Hương( dịch) |a Xây dựng câu chuyện thương hiệu |
| 260 | # | # | |a Hà Nội |b Lao động |c 2018 |
| 300 | # | # | |a 370 tr. |c 21 cm. |
| 520 | # | # | |a Nguyên bản: Building a story brand |
| 653 | # | # | |a Kinh doanh |
| 653 | # | # | |a Thành công |
| 653 | # | # | |a Thương hiệu |
| 653 | # | # | |a tiếp thị |
| 700 | 1 | # | |a Vũ, Diệu Hương |e dịch |
| 852 | # | # | |j KD.0024955 |j KM.0025619 |
| 910 | 0 | # | |d 8/11/2018 |
| 980 | # | # | |a Trung tâm Học liệu Lê Vũ Hùng, Trường Đại học Đồng Tháp |